[Event "28. Torneo San Viator 2017 - Torneo B"]
[Site "Madrid ESP"]
[Date "2017.04.09"]
[Round "3.14"]
[White "Carrasco Coquillat, Jorge"]
[Black "Baltasar Garza, Antonio"]
[Result "1/2-1/2"]
[WhiteElo "1468"]
[BlackElo "1621"]
[PlyCount "92"]
[EventDate "2017.03.26"]
[EventType "swiss"]
[EventRounds "9"]
[EventCountry "ESP"]
[SourceTitle "Ajedrez en Madrid"]
[Source "lmi"]
[SourceDate "2017.03.26"]

1. c4 c6 2. Nc3 d5 3. cxd5 cxd5 4. d4 Nf6 5. Nf3 Nc6 6. e3 Bf5 7. a3 e6 8. Be2
Be7 9. O-O O-O 10. b4 Rc8 11. Bd2 Ne4 12. Nxe4 Bxe4 13. Rc1 a6 14. Qb3 b5 15.
a4 Qd6 16. axb5 axb5 17. Rc5 Bxf3 18. gxf3 Na7 19. Bxb5 Qb6 20. Rxc8 Rxc8 21.
Bd3 Rb8 22. Rb1 Nc6 23. b5 Bd8 24. Qc2 Na5 25. Bxh7+ Kf8 26. Qc5+ Qxc5 27. dxc5
g6 28. Bc3 Nc4 29. Kg2 e5 30. f4 Bf6 31. fxe5 Bxe5 32. Bxe5 Nxe5 33. Bxg6 fxg6
34. Rd1 Rxb5 35. Rxd5 Nf7 36. Kf3 Ke7 37. h4 Ke6 38. e4 Ne5+ 39. Kf4 Rxc5 40.
Rxc5 Nd3+ 41. Kg5 Nxc5 42. Kxg6 Nxe4 43. h5 Nxf2 44. h6 Ng4 45. h7 Ne5+ 46. Kg7
Nf7 1/2-1/2

[Event "28. Torneo San Viator 2017 - Torneo B"]
[Site "Madrid ESP"]
[Date "2017.04.09"]
[Round "3.16"]
[White "Aguilar Guzman, Reynaldo"]
[Black "Fernandez Garcia, Emilio"]
[Result "1-0"]
[WhiteElo "1558"]
[BlackElo "1606"]
[PlyCount "117"]
[EventDate "2017.03.26"]
[EventType "swiss"]
[EventRounds "9"]
[EventCountry "ESP"]
[SourceTitle "Ajedrez en Madrid"]
[Source "lmi"]
[SourceDate "2017.03.26"]

1. e4 c5 2. Nf3 d6 3. c4 Nc6 4. g3 Nf6 5. d3 g6 6. Bg2 Bg7 7. Nc3 O-O 8. O-O
Rb8 9. Bg5 h6 10. Be3 b6 11. Qd2 Ng4 12. Nd1 Nxe3 13. Nxe3 Bb7 14. Ng4 Kh7 15.
Nh4 e6 16. f4 f5 17. Ne3 Ne7 18. exf5 gxf5 19. Bxb7 Rxb7 20. Rae1 Qc8 21. b3
Nc6 22. Nf3 Nd4 23. Nc2 Nxf3+ 24. Rxf3 Qc6 25. Qg2 Re7 26. Rfe3 Qxg2+ 27. Kxg2
Rfe8 28. Kf3 h5 29. R3e2 Kg6 30. h3 e5 31. Na3 a6 32. Nc2 Bf6 33. fxe5 dxe5 34.
Ne3 e4+ 35. dxe4 fxe4+ 36. Kg2 Bd4 37. Nd5 Re5 38. Nxb6 e3 39. Nd5 a5 40. Rf1
R8e6 41. Nf4+ Kg5 42. Nxe6+ Rxe6 43. Rf8 Rf6 44. Ra8 Kf5 45. Re8 a4 46. bxa4
Ra6 47. Kf3 Rxa4 48. Rc2 Ra3 49. Rf8+ Ke5 50. Rh8 Kf5 51. Rxh5+ Kg6 52. g4 Rd3
53. Rd5 Rd1 54. h4 Rh1 55. h5+ Kh6 56. a4 Ra1 57. Rd6+ Kg5 58. Rg6+ Kh4 59.
Rh2# 1-0

[Event "28. Torneo San Viator 2017 - Torneo B"]
[Site "Madrid ESP"]
[Date "2017.04.09"]
[Round "3.17"]
[White "Vaquerizo Martin, Miguel"]
[Black "Loncomilla Sanhueza, Ernesto"]
[Result "1/2-1/2"]
[WhiteElo "1694"]
[BlackElo "1538"]
[PlyCount "70"]
[EventDate "2017.03.26"]
[EventType "swiss"]
[EventRounds "9"]
[EventCountry "ESP"]
[SourceTitle "Ajedrez en Madrid"]
[Source "lmi"]
[SourceDate "2017.03.26"]

1. e4 e5 2. Nf3 Nc6 3. Bb5 a6 4. Ba4 d6 5. h3 Be6 6. c3 b5 7. Bc2 Nf6 8. d4 Bd7
9. O-O Be7 10. Re1 O-O 11. Nbd2 Re8 12. Nf1 Bf8 13. Ng3 g6 14. Bg5 Bg7 15. Qd2
Qe7 16. h4 Qf8 17. h5 Ng4 18. hxg6 hxg6 19. Nh2 Nxh2 20. Kxh2 exd4 21. Ne2 dxc3
22. Nxc3 Nd4 23. Bd3 c6 24. Rh1 Ne6 25. Be3 f6 26. Kg1 Qe7 27. f4 Kf7 28. f5
gxf5 29. exf5 Nc5 30. Bh6 Nxd3 31. Qxd3 Bxh6 32. Rxh6 Bxf5 33. Rh7+ Bxh7 34.
Qxh7+ Kf8 35. Qh8+ Kf7 1/2-1/2

[Event "28. Torneo San Viator 2017 - Torneo B"]
[Site "Madrid ESP"]
[Date "2017.04.09"]
[Round "3.18"]
[White "Rojo Jorge, Angel"]
[Black "Franco Rincon, David"]
[Result "1-0"]
[WhiteElo "1416"]
[BlackElo "1748"]
[PlyCount "139"]
[EventDate "2017.03.26"]
[EventType "swiss"]
[EventRounds "9"]
[EventCountry "ESP"]
[SourceTitle "Ajedrez en Madrid"]
[Source "lmi"]
[SourceDate "2017.03.26"]

1. Nf3 b6 2. c4 Bb7 3. g3 Nf6 4. Bg2 e6 5. O-O Be7 6. Nc3 O-O 7. b3 c5 8. Bb2
d5 9. cxd5 exd5 10. e3 a6 11. d4 Qc7 12. a4 Nc6 13. dxc5 bxc5 14. Nxd5 Nxd5 15.
Qxd5 Nd4 16. Qh5 g6 17. Qh6 Nf5 18. Qf4 Qxf4 19. exf4 Rab8 20. Rad1 Bc6 21. Nd2
Bxa4 22. bxa4 Rxb2 23. Rfe1 Bf6 24. Nf3 Bc3 25. Re4 Bb4 26. g4 Ng7 27. Bf1 a5
28. Bc4 Rc2 29. Ne5 h5 30. Nxg6 Rxc4 31. Ne7+ Kh8 32. Rxc4 hxg4 33. f5 Re8 34.
f6 Nh5 35. Rd6 Nxf6 36. Rxf6 Rxe7 37. Rxg4 Bc3 38. Rf3 Bg7 39. Rh3+ Kg8 40. Rh5
Rc7 41. Rgg5 f5 42. Rxf5 Bd4 43. Rh4 Kg7 44. Rg4+ Kh6 45. Rf3 Kh5 46. Rg8 Kh4
47. Kg2 Rg7+ 48. Rxg7 Bxg7 49. Rh3+ Kg5 50. Rg3+ Kf6 51. Kf3 Bh6 52. Ke4 Bd2
53. Kd5 Bb4 54. h4 c4 55. Kxc4 Bd2 56. h5 Kf7 57. Rh3 Kg7 58. h6+ Kh7 59. Kb5
Bb4 60. f4 Bc3 61. f5 Bd2 62. f6 Kg8 63. h7+ Kh8 64. f7 Bb4 65. Rh4 Be7 66. Rf4
Bf8 67. Rg4 Kxh7 68. Rg8 Bb4 69. f8=Q Bc3 70. Qf7+ 1-0

[Event "28. Torneo San Viator 2017 - Torneo B"]
[Site "Madrid ESP"]
[Date "2017.04.09"]
[Round "3.20"]
[White "Dominguez Afonso, Ayraldo"]
[Black "Di Pietro Moreno, Fatima"]
[Result "1/2-1/2"]
[WhiteElo "1639"]
[BlackElo "1394"]
[PlyCount "110"]
[EventDate "2017.03.26"]
[EventType "swiss"]
[EventRounds "9"]
[EventCountry "ESP"]
[SourceTitle "Ajedrez en Madrid"]
[Source "lmi"]
[SourceDate "2017.03.26"]

1. e4 e6 2. d4 d5 3. e5 c5 4. c3 Nc6 5. Nf3 Bd7 6. a3 f6 7. Bf4 Qb6 8. b4 c4 9.
exf6 Nxf6 10. Be5 Be7 11. Be2 Ne4 12. Qc2 O-O 13. Bxc4 Nxf2 14. Qxf2 Nxe5 15.
Be2 Nxf3+ 16. Bxf3 Bb5 17. Nd2 Rac8 18. Qe3 Bh4+ 19. g3 Be7 20. a4 Bd7 21. O-O
Qd8 22. Nb3 Bg5 23. Qd3 b6 24. a5 Qe8 25. Nd2 Bb5 26. c4 dxc4 27. Qc2 c3 28.
Ne4 Be3+ 29. Kg2 Bxf1+ 30. Rxf1 Bxd4 31. Nd6 Qe7 32. Nxc8 Rxc8 33. Bg4 Qb7+ 34.
Kh3 Re8 35. Re1 Qc6 36. Be2 e5 37. Qb3+ Qe6+ 38. Qxe6+ Rxe6 39. Bc4 Kf7 40. a6
Ke7 41. b5 Rh6+ 42. Kg2 Rf6 43. Bd3 h5 44. Rf1 Rd6 45. Bc2 Bc5 46. Bb3 Rf6 47.
Re1 Rf2+ 48. Kh3 Bd4 49. Rc1 g5 50. Rc2 Rxc2 51. Bxc2 Kf6 52. Kg2 Ke6 53. h4
gxh4 54. gxh4 Kf6 55. Kf3 Ke6 1/2-1/2

[Event "28. Torneo San Viator 2017 - Torneo B"]
[Site "Madrid ESP"]
[Date "2017.04.09"]
[Round "3.21"]
[White "Jimenez Sanchez, Juan Daniel"]
[Black "Martinez Martinez, Javier II"]
[Result "0-1"]
[WhiteElo "1345"]
[BlackElo "1635"]
[PlyCount "68"]
[EventDate "2017.03.26"]
[EventType "swiss"]
[EventRounds "9"]
[EventCountry "ESP"]
[SourceTitle "Ajedrez en Madrid"]
[Source "lmi"]
[SourceDate "2017.03.26"]

1. d4 Nf6 2. Nf3 g6 3. c4 Bg7 4. g3 O-O 5. Bg2 d6 6. O-O Nbd7 7. Bf4 Nh5 8. Bd2
c5 9. Bc3 cxd4 10. Nxd4 a6 11. e4 Rb8 12. Re1 e5 13. Nf3 Qc7 14. b3 b5 15. Nbd2
b4 16. Bb2 Nc5 17. Qc2 f5 18. Ng5 h6 19. Ngf3 Nf6 20. Nh4 Qf7 21. exf5 g5 22.
Ng6 Bb7 23. Bxb7 Rxb7 24. Nxf8 Bxf8 25. Rad1 g4 26. Nf1 Nh7 27. Qd2 Ng5 28. Re3
Qxf5 29. Qd5+ Rf7 30. Nd2 Qxf2+ 31. Kh1 Qxe3 32. Rf1 Nce4 33. Nxe4 Qxe4+ 34.
Qxe4 Rxf1+ 0-1

[Event "28. Torneo San Viator 2017 - Torneo B"]
[Site "Madrid ESP"]
[Date "2017.04.09"]
[Round "3.23"]
[White "Cortijo Manso, Luis"]
[Black "Murillo Paz, Pedro"]
[Result "1-0"]
[WhiteElo "1534"]
[BlackElo "1358"]
[PlyCount "67"]
[EventDate "2017.03.26"]
[EventType "swiss"]
[EventRounds "9"]
[EventCountry "ESP"]
[SourceTitle "Ajedrez en Madrid"]
[Source "lmi"]
[SourceDate "2017.03.26"]

1. Nf3 e6 2. d4 d5 3. g3 Nf6 4. Bg2 Nc6 5. O-O Be7 6. Nbd2 b6 7. c4 O-O 8. Re1
Bb7 9. cxd5 exd5 10. a3 Rb8 11. Nf1 Bd6 12. Ne3 Ne7 13. Nh4 Bc8 14. Qc2 Ng6 15.
Nhf5 c6 16. Nxd6 Qxd6 17. Bd2 Re8 18. Bb4 Qd7 19. Rac1 a5 20. Bd2 Ne4 21. b4
Nxd2 22. Qxd2 a4 23. Qc2 b5 24. Qxc6 Qa7 25. Qxe8+ Nf8 26. Rxc8 Rxc8 27. Qxc8
Qxd4 28. Nxd5 f6 29. Ne3 g6 30. Rd1 Qb2 31. Rd8 Qxa3 32. Rxf8+ Kg7 33. Rg8+ Kh6
34. Qh3+ 1-0

[Event "28. Torneo San Viator 2017 - Torneo B"]
[Site "Madrid ESP"]
[Date "2017.04.09"]
[Round "3.24"]
[White "Garcia Rojas, Juan Carlos"]
[Black "Alvarez Hirt, Carlos"]
[Result "1/2-1/2"]
[WhiteElo "1514"]
[BlackElo "1325"]
[PlyCount "152"]
[EventDate "2017.03.26"]
[EventType "swiss"]
[EventRounds "9"]
[EventCountry "ESP"]
[SourceTitle "Ajedrez en Madrid"]
[Source "lmi"]
[SourceDate "2017.03.26"]

1. e4 c5 2. Nf3 d6 3. c3 Nf6 4. Be2 Nxe4 5. Qa4+ Bd7 6. Qxe4 Bc6 7. Qc2 e5 8.
d3 Be7 9. Be3 Nd7 10. O-O O-O 11. Nbd2 Nf6 12. h3 Nd5 13. a3 Nxe3 14. fxe3 b5
15. e4 Rc8 16. c4 b4 17. axb4 cxb4 18. Rxa7 Qb6+ 19. Kh1 Qxa7 20. Nb3 d5 21.
Nxe5 dxc4 22. Nxc6 cxb3 23. Nxe7+ Qxe7 24. Qxb3 Qc5 25. Bg4 Rc6 26. Bd1 Rb6 27.
Rf5 Qd6 28. Qc4 Rc6 29. Qb3 Rc1 30. Kg1 Qg3 31. Rf3 Qe1+ 32. Rf1 Qe3+ 33. Kh2
Qd4 34. h4 Qe5+ 35. g3 Rb1 36. Rf2 Qd4 37. Re2 Qf6 38. Kg2 Qe6 39. Qa4 Kh8 40.
Bb3 Qb6 41. Rf2 Qd4 42. Rxf7 Qxb2+ 43. Bc2 Kg8 44. Rxf8+ Kxf8 45. Qa8+ Kf7 46.
Qd5+ Ke7 47. Qg5+ Kf7 48. Qf5+ Ke7 49. Qf2 Rc1 50. Qa7+ Kf6 51. Qf2+ Ke6 52.
Bb3+ Qxb3 53. Qf5+ Kd6 54. Qf4+ Kc5 55. Qxc1+ Qc3 56. Qe3+ Kb5 57. Qg5+ Qc5 58.
Qxg7 Qc2+ 59. Kf3 Qxd3+ 60. Kf4 Qd6+ 61. e5 Qd4+ 62. Kf5 b3 63. Qb7+ Qb6 64.
Qd5+ Kb4 65. e6 b2 66. Qe4+ Ka3 67. Qb1 Qc5+ 68. Kf6 Qc1 69. Qd3+ Ka2 70. Qa6+
Kb1 71. e7 Qh6+ 72. Kf7 Qxa6 73. e8=Q Qf1+ 74. Kg7 Kc2 75. Qe4+ Qd3 76. Qg2+
Qd2 1/2-1/2

[Event "28. Torneo San Viator 2017 - Torneo B"]
[Site "Madrid ESP"]
[Date "2017.04.09"]
[Round "3.25"]
[White "Rodriguez Munoz, Jesus"]
[Black "Laray Fernandez, Juan"]
[Result "0-1"]
[WhiteElo "1211"]
[BlackElo "1490"]
[PlyCount "53"]
[EventDate "2017.03.26"]
[EventType "swiss"]
[EventRounds "9"]
[EventCountry "ESP"]
[SourceTitle "Ajedrez en Madrid"]
[Source "lmi"]
[SourceDate "2017.03.26"]

1. d4 d5 2. Nf3 Nf6 3. c4 Bf5 4. Nc3 e6 5. Qb3 b6 6. g3 Be7 7. Bg2 O-O 8. O-O
Nc6 9. a3 Na5 10. Qa4 Nxc4 11. Nd2 Nxd2 12. Bxd2 c5 13. b3 cxd4 14. Qxd4 Bc5
15. Qf4 Bd6 16. Qh4 Rc8 17. Nb5 Bb8 18. Bf4 e5 19. Bh3 Bxh3 20. Qxh3 exf4 21.
Rfd1 fxg3 22. hxg3 a6 23. Nd4 Be5 24. Ne6 Qd7 25. Ng5 Qxh3 26. Nxh3 Bxa1 27.
Rxa1 0-1

[Event "28. Torneo San Viator 2017 - Torneo B"]
[Site "Madrid ESP"]
[Date "2017.04.09"]
[Round "3.27"]
[White "Gonzalez Morente, Jose A"]
[Black "Baranco Gonzalez, Nicolas"]
[Result "0-1"]
[WhiteElo "1481"]
[BlackElo "1303"]
[PlyCount "76"]
[EventDate "2017.03.26"]
[EventType "swiss"]
[EventRounds "9"]
[EventCountry "ESP"]
[SourceTitle "Ajedrez en Madrid"]
[Source "lmi"]
[SourceDate "2017.03.26"]

1. e4 e5 2. Nf3 Nc6 3. Bb5 d6 4. d4 exd4 5. Nxd4 Bd7 6. Nxc6 Bxc6 7. Bxc6+ bxc6
8. O-O Nf6 9. Re1 Be7 10. b3 O-O 11. Bb2 Re8 12. Nd2 Qd7 13. f3 d5 14. e5 Bc5+
15. Kh1 Nh5 16. Ne4 Bb6 17. Bd4 Rad8 18. Bxb6 cxb6 19. Nd6 Re6 20. Qd2 g6 21.
Rad1 Qe7 22. f4 Nxf4 23. Qxf4 Rdxd6 24. Qg3 Rd8 25. Rd2 Re8 26. Rde2 d4 27. c3
Qc5 28. cxd4 Qxd4 29. Re3 Qc5 30. Qf4 Qa3 31. R3e2 c5 32. h3 Qb4 33. Qf2 Qd4
34. Qg3 f6 35. exf6 Rxe2 36. Rxe2 Qd1+ 37. Kh2 Qxe2 38. Qc7 Qe5+ 0-1

[Event "28. Torneo San Viator 2017 - Torneo B"]
[Site "Madrid ESP"]
[Date "2017.04.09"]
[Round "3.32"]
[White "Strejoiv, Christian Ionut"]
[Black "Gortazar Rubial, Javier Maria"]
[Result "0-1"]
[WhiteElo "1167"]
[BlackElo "1563"]
[PlyCount "74"]
[EventDate "2017.03.26"]
[EventType "swiss"]
[EventRounds "9"]
[EventCountry "ESP"]
[SourceTitle "Ajedrez en Madrid"]
[Source "lmi"]
[SourceDate "2017.03.26"]

1. e4 e5 2. Nf3 Nc6 3. Nc3 Nf6 4. Bb5 d6 5. d4 exd4 6. Nxd4 Bd7 7. Nxc6 Bxc6 8.
Bxc6+ bxc6 9. O-O Be7 10. Be3 O-O 11. Qe2 Re8 12. Rad1 Bf8 13. f3 Qe7 14. Bg5
d5 15. Bxf6 Qxf6 16. f4 dxe4 17. Rde1 Rab8 18. Nxe4 Qxb2 19. Qg4 Qd4+ 20. Nf2
Bd6 21. Rxe8+ Rxe8 22. g3 g6 23. Qf3 Qd5 24. Qxd5 cxd5 25. Ng4 Kg7 26. h4 Re2
27. Rd1 d4 28. Kf1 Rxc2 29. Rxd4 Rxa2 30. Rc4 a5 31. Ne3 a4 32. Nd5 c5 33. Nc3
Rc2 34. Ke1 a3 35. Kd1 a2 36. Kxc2 a1=Q 37. Ra4 Qe1 0-1

[Event "28. Torneo San Viator 2017 - Torneo B"]
[Site "Madrid ESP"]
[Date "2017.04.09"]
[Round "3.33"]
[White "Cantalejo Fronton, Eduardo"]
[Black "Gijon Molina, Carlos"]
[Result "1-0"]
[WhiteElo "1414"]
[BlackElo "1144"]
[PlyCount "53"]
[EventDate "2017.03.26"]
[EventType "swiss"]
[EventRounds "9"]
[EventCountry "ESP"]
[SourceTitle "Ajedrez en Madrid"]
[Source "lmi"]
[SourceDate "2017.03.26"]

1. e4 c6 2. d4 d5 3. Nc3 dxe4 4. Nxe4 Bf5 5. Ng3 Bg6 6. Nf3 Nd7 7. Be3 e6 8.
Bd3 f5 9. O-O h6 10. Re1 Ngf6 11. Bf4 Qe7 12. Nxf5 Bxf5 13. Bxf5 exf5 14. Rxe7+
Bxe7 15. Qd3 g6 16. Re1 Kf7 17. Qb3+ Nd5 18. Qxb7 Nxf4 19. Qxd7 Rhe8 20. Ne5+
Kf8 21. Qxc6 Rac8 22. Qf3 g5 23. g3 Nh3+ 24. Kg2 Bf6 25. Qxf5 Rc7 26. Qxf6+ Kg8
27. Kxh3 1-0

[Event "28. Torneo San Viator 2017 - Torneo B"]
[Site "Madrid ESP"]
[Date "2017.04.09"]
[Round "3.39"]
[White "Mora Gonzalez-Rojas, Francisco"]
[Black "Torrecillas Adan, Luis"]
[Result "1/2-1/2"]
[WhiteElo "1294"]
[BlackElo "1475"]
[PlyCount "123"]
[EventDate "2017.03.26"]
[EventType "swiss"]
[EventRounds "9"]
[EventCountry "ESP"]
[SourceTitle "Ajedrez en Madrid"]
[Source "lmi"]
[SourceDate "2017.03.26"]

1. e4 e5 2. Nf3 Nc6 3. Bc4 h6 4. a3 Nf6 5. d3 Bc5 6. O-O d6 7. h3 O-O 8. Nc3 a6
9. Nd5 Nxd5 10. Bxd5 Ne7 11. Ba2 Nc6 12. Qe2 Re8 13. Rb1 a5 14. Be3 Bxe3 15.
Qxe3 Be6 16. Bxe6 Rxe6 17. c3 Qe7 18. Rfe1 b6 19. d4 exd4 20. Nxd4 Nxd4 21.
cxd4 Re8 22. f3 d5 23. e5 c5 24. f4 c4 25. b4 a4 26. b5 Qc7 27. f5 R6e7 28. g4
f6 29. e6 Rc8 30. Qc3 Qd6 31. Re3 Qf4 32. Rf1 Qc7 33. Kg2 Kh7 34. h4 Rf8 35.
Rg3 Rh8 36. g5 fxg5 37. hxg5 Kg8 38. gxh6 Rxh6 39. Qe3 Kf8 40. Rh1 Rexe6 41.
fxe6 Rxh1 42. Kxh1 Qe7 43. Rf3+ Kg8 44. Rf7 Qh4+ 45. Kg2 Qg4+ 46. Qg3 Qe4+ 47.
Kh3 Qxe6+ 48. Kg2 Kxf7 49. Kf2 Qf6+ 50. Ke3 Qe7+ 51. Kd2 g5 52. Qf3+ Ke6 53.
Kc3 Kd6 54. Qg3+ Ke6 55. Qg4+ Kd6 56. Qf3 Qe6 57. Qf8+ Kc7 58. Qg7+ Qd7 59.
Qxg5 Qxb5 60. Qg7+ Kc6 61. Qf6+ Kb7 62. Qe7+ 1/2-1/2

[Event "28. Torneo San Viator 2017 - Torneo B"]
[Site "Madrid ESP"]
[Date "2017.04.09"]
[Round "3.40"]
[White "Rojo Jorge, Luis"]
[Black "Perez Ramos, Miguel Angel"]
[Result "1-0"]
[WhiteElo "1461"]
[BlackElo "1169"]
[PlyCount "56"]
[EventDate "2017.03.26"]
[EventType "swiss"]
[EventRounds "9"]
[EventCountry "ESP"]
[SourceTitle "Ajedrez en Madrid"]
[Source "lmi"]
[SourceDate "2017.03.26"]

1. e4 e5 2. Nf3 d6 3. d4 Nf6 4. Nc3 Nc6 5. Bb5 Bd7 6. O-O exd4 7. Nxd4 Nxd4 8.
Bxd7+ Qxd7 9. Qxd4 Be7 10. Bf4 O-O 11. Rad1 c5 12. Qd3 Rac8 13. e5 c4 14. Qd4
Ne8 15. Rfe1 Rc6 16. Re3 Qe6 17. exd6 Rxd6 18. Bxd6 Qxd6 19. Qxc4 Qf6 20. Qe4
Qe6 21. Qxb7 Nd6 22. Rxe6 Nxb7 23. Rxe7 Rb8 24. Rde1 g6 25. Re8+ Rxe8 26. Rxe8+
Kg7 27. Re7 Nc5 28. Rxa7 Ne4 1-0

[Event "28. Torneo San Viator 2017 - Torneo B"]
[Site "Madrid ESP"]
[Date "2017.04.09"]
[Round "3.41"]
[White "Martin Fernandez, Ignacio"]
[Black "Gonzalez Garcia, Francisco Javie"]
[Result "1-0"]
[WhiteElo "1552"]
[BlackElo "1449"]
[PlyCount "83"]
[EventDate "2017.03.26"]
[EventType "swiss"]
[EventRounds "9"]
[EventCountry "ESP"]
[SourceTitle "Ajedrez en Madrid"]
[Source "lmi"]
[SourceDate "2017.03.26"]

1. e4 e6 2. d4 d5 3. exd5 exd5 4. Nf3 f6 5. Bd3 Be6 6. c3 c5 7. Qc2 g6 8. O-O
Kf7 9. Re1 c4 10. Bf1 Bf5 11. Qe2 Qe7 12. Be3 Nd7 13. Nbd2 b5 14. Qd1 Qd6 15.
Be2 Bh6 16. Bxh6 Nxh6 17. Nf1 g5 18. Ng3 Bg6 19. h3 f5 20. Nxg5+ Kf6 21. Nf3 f4
22. Nf1 Nf5 23. Qd2 Nf8 24. Bd1 Re8 25. Bc2 Ne6 26. Re2 Bh5 27. N1h2 Ng5 28.
Rae1 Ne7 29. Re5 Nxf3+ 30. Nxf3 Ng6 31. Rxe8 Rxe8 32. Rxe8 Qd7 33. Bxg6 Bxf3
34. Qxf4+ Kg7 35. Qe5+ Kh6 36. gxf3 hxg6 37. Rh8+ Qh7 38. Rxh7+ Kxh7 39. Qxd5
a6 40. Qe5 Kh6 41. d5 g5 42. d6 1-0

[Event "28. Torneo San Viator 2017 - Torneo B"]
[Site "Madrid ESP"]
[Date "2017.04.23"]
[Round "4.1"]
[White "Fernandez Lopez, Jaime"]
[Black "Ramirez De La Piscina G, Juan A"]
[Result "1-0"]
[WhiteElo "1601"]
[BlackElo "1662"]
[PlyCount "51"]
[EventDate "2017.03.26"]
[EventType "swiss"]
[EventRounds "9"]
[EventCountry "ESP"]
[SourceTitle "Ajedrez en Madrid"]
[Source "lmi"]
[SourceDate "2017.03.26"]

1. c4 d5 2. cxd5 Qxd5 3. Nc3 Qa5 4. g3 c6 5. Bg2 Nf6 6. Nf3 Bg4 7. d3 e6 8. O-O
Bd6 9. Bd2 Qc7 10. Qc2 Nbd7 11. e4 e5 12. Nh4 h6 13. Be3 g5 14. Nf3 Nf8 15. Nd2
Ne6 16. Nc4 Nd4 17. Bxd4 exd4 18. Nxd6+ Qxd6 19. Ne2 Bxe2 20. Qxe2 Qe6 21. f4
gxf4 22. Rxf4 Nd5 23. Rf3 O-O-O 24. Qf1 Ne3 25. Rxe3 dxe3 26. Bh3 1-0

[Event "28. Torneo San Viator 2017 - Torneo B"]
[Site "Madrid ESP"]
[Date "2017.04.23"]
[Round "4.2"]
[White "Calderon Martin, Antonio"]
[Black "Sarabia Diaz, Santiago"]
[Result "1-0"]
[WhiteElo "1686"]
[BlackElo "1563"]
[PlyCount "47"]
[EventDate "2017.03.26"]
[EventType "swiss"]
[EventRounds "9"]
[EventCountry "ESP"]
[SourceTitle "Ajedrez en Madrid"]
[Source "lmi"]
[SourceDate "2017.03.26"]

1. e4 c5 2. Nf3 d6 3. c3 Nf6 4. h3 Nc6 5. Bd3 a6 6. Bc2 g6 7. O-O Bg7 8. d4
cxd4 9. cxd4 Nb4 10. Bb3 Nxe4 11. Qe1 Nxf2 12. Qxb4 Nxh3+ 13. gxh3 O-O 14. Ng5
d5 15. Nc3 h6 16. Nxf7 Rxf7 17. Bxd5 e6 18. Rxf7 Kxf7 19. Bg2 Bxd4+ 20. Kh1 e5
21. Bxh6 b5 22. Rf1+ Bf5 23. Qb3+ Ke7 24. Bg5+ 1-0

[Event "28. Torneo San Viator 2017 - Torneo B"]
[Site "Madrid ESP"]
[Date "2017.04.23"]
[Round "4.3"]
[White "Alvarez Poves, Jesus"]
[Black "Sanchez Ortega, Ivan"]
[Result "0-1"]
[WhiteElo "1576"]
[BlackElo "1657"]
[PlyCount "104"]
[EventDate "2017.03.26"]
[EventType "swiss"]
[EventRounds "9"]
[EventCountry "ESP"]
[SourceTitle "Ajedrez en Madrid"]
[Source "lmi"]
[SourceDate "2017.03.26"]

1. d4 d5 2. c4 c6 3. Nc3 Nf6 4. Nf3 e6 5. Bf4 Bd6 6. Bxd6 Qxd6 7. c5 Qc7 8. e3
Nbd7 9. Bd3 e5 10. dxe5 Nxe5 11. b4 a6 12. Nd4 Bg4 13. f3 Bh5 14. Nf5 O-O 15.
O-O Bg6 16. e4 Bxf5 17. exf5 Rfe8 18. f4 Nxd3 19. Qxd3 Re7 20. Rf3 Rae8 21. Qd4
Ne4 22. a4 a5 23. b5 Nxc3 24. Qxc3 Re4 25. Rg3 d4 26. Qd3 Qxf4 27. Rf3 Re3 28.
Qxe3 Qxe3+ 29. Rxe3 Rxe3 30. Kf2 Re5 31. Rb1 Rxf5+ 32. Ke2 Rxc5 33. bxc6 Rxc6
34. Rxb7 Kf8 35. Rb5 Ra6 36. Kd3 Ke7 37. Rd5 Ke6 38. Kxd4 Rd6 39. Rxd6+ Kxd6
40. Kc4 Kc6 41. g3 f5 42. Kd4 g5 43. Kc4 f4 44. gxf4 gxf4 45. Kd4 f3 46. Ke3
Kc5 47. Kxf3 Kb4 48. Ke2 Kxa4 49. Kd2 Kb3 50. Kc1 h5 51. h4 Kc3 52. Kb1 Kd3 0-1

[Event "28. Torneo San Viator 2017 - Torneo B"]
[Site "Madrid ESP"]
[Date "2017.04.23"]
[Round "4.4"]
[White "Algaba Traspuesto, Jose Antoni"]
[Black "Garcia Castineira, Ivan"]
[Result "1-0"]
[WhiteElo "1568"]
[BlackElo "1656"]
[PlyCount "51"]
[EventDate "2017.03.26"]
[EventType "swiss"]
[EventRounds "9"]
[EventCountry "ESP"]
[SourceTitle "Ajedrez en Madrid"]
[Source "lmi"]
[SourceDate "2017.03.26"]

1. d4 Nf6 2. c4 g6 3. Nc3 Bg7 4. Nf3 O-O 5. Bf4 d6 6. e3 Nh5 7. Bg5 Bg4 8. Be2
f6 9. Bh4 g5 10. Bxg5 fxg5 11. Nxg5 Bxe2 12. Qxe2 Qe8 13. Ne6 Rf6 14. Nxc7 Qg6
15. g4 Nc6 16. Nxa8 Nxd4 17. gxh5 Qg2 18. Qf1 Nf3+ 19. Kd1 Qg5 20. Kc2 Ne5 21.
Qe2 Qh4 22. Raf1 Nxc4 23. Rhg1 Ne5 24. f4 Nc6 25. Qg4 Qxh2+ 26. Rg2 1-0

[Event "28. Torneo San Viator 2017 - Torneo B"]
[Site "Madrid ESP"]
[Date "2017.04.23"]
[Round "4.5"]
[White "Arce Escobedo, Julio"]
[Black "Sanchez Rivero, Miguel"]
[Result "1-0"]
[WhiteElo "1642"]
[BlackElo "1475"]
[PlyCount "81"]
[EventDate "2017.03.26"]
[EventType "swiss"]
[EventRounds "9"]
[EventCountry "ESP"]
[SourceTitle "Ajedrez en Madrid"]
[Source "lmi"]
[SourceDate "2017.03.26"]

1. e4 c5 2. Nf3 d6 3. d4 cxd4 4. Qxd4 Nc6 5. Bb5 Bd7 6. Bxc6 Bxc6 7. c4 Nf6 8.
Nc3 e6 9. O-O Be7 10. b3 O-O 11. Bb2 a6 12. Rfd1 e5 13. Qd3 Qa5 14. Nd2 b5 15.
Nd5 Bxd5 16. cxd5 Qb6 17. h3 Rac8 18. Rac1 Qb7 19. Nf1 Rxc1 20. Rxc1 Rc8 21.
Ng3 g6 22. Rc2 Nd7 23. Qd2 Rxc2 24. Qxc2 Bg5 25. Bc1 Bxc1 26. Qxc1 f6 27. h4
Kg7 28. h5 Nb6 29. hxg6 hxg6 30. Nf1 Qc8 31. Qd2 Nd7 32. Ne3 Qc7 33. Ng4 g5 34.
Ne3 Qc5 35. Nf5+ Kg6 36. Qd1 b4 37. Ng3 Nb6 38. Qh5+ Kg7 39. Nf5+ Kf8 40. Qh8+
Kf7 41. Qg7+ 1-0

[Event "28. Torneo San Viator 2017 - Torneo B"]
[Site "Madrid ESP"]
[Date "2017.04.23"]
[Round "4.6"]
[White "Aparicio Iriso, Miguel"]
[Black "Martinell Gispert-Sauch, Jose M"]
[Result "0-1"]
[WhiteElo "1474"]
[BlackElo "1629"]
[PlyCount "98"]
[EventDate "2017.03.26"]
[EventType "swiss"]
[EventRounds "9"]
[EventCountry "ESP"]
[SourceTitle "Ajedrez en Madrid"]
[Source "lmi"]
[SourceDate "2017.03.26"]

1. e4 c6 2. d4 d5 3. Nd2 dxe4 4. Nxe4 Bf5 5. Ng3 Bg6 6. Nf3 Nd7 7. Bd3 e6 8.
O-O Ngf6 9. c4 Bd6 10. Re1 Bxd3 11. Qxd3 O-O 12. Ne4 Nxe4 13. Qxe4 Nf6 14. Qd3
c5 15. Bg5 Be7 16. Rad1 cxd4 17. Qxd4 Qa5 18. a3 Rfd8 19. Qe5 Qa4 20. Rc1 Rac8
21. Qe2 h6 22. Bh4 Kf8 23. h3 a6 24. Ne5 Rd4 25. Bg3 Rcd8 26. Qc2 Qxc2 27. Rxc2
Nh5 28. Bh2 Rd2 29. Rxd2 Rxd2 30. Rb1 Bc5 31. Kh1 Bxf2 32. b3 Ng3+ 33. Bxg3
Bxg3 34. Nf3 Rd3 35. Kg1 Ke7 36. Kf1 e5 37. Ke2 e4 38. Nd2 f5 39. Rc1 Bf4 40.
Rc2 Rxd2+ 41. Rxd2 Bxd2 42. Kxd2 f4 43. b4 Kd6 44. a4 Kc6 45. Kc3 g5 46. Kd2 h5
47. Ke2 Kd6 48. Kd2 Ke5 49. a5 Kd4 0-1